Combinatorial optimization

Αποθηκεύτηκε σε:
Λεπτομέρειες βιβλιογραφικής εγγραφής
Κύριος συγγραφέας: Cook, William J. 1957-
Μορφή: Βιβλίο
Γλώσσα:English
Δημοσίευση: New York : Wiley, c1998
Σειρά:Wiley series in discrete mathematics and optimization
Θέματα:
Ετικέτες: Προσθήκη ετικέτας
Δεν υπάρχουν, Καταχωρήστε ετικέτα πρώτοι!

MARC

LEADER 00000nam a2200000 i 4500
001 1/71592
008 050216s1998 eng d
020 |a 0-471-55894-X (hbk.) 
035 |l 10076574 
040 |a GR-MY-UA  |b gre  |e aacr 
041 0 |a eng 
082 0 |a 519.76  |2 (21) 
100 1 |a Cook, William J.  |d 1957- 
245 1 0 |a Combinatorial optimization /  |c William J. Cook ... [και ά.] 
260 |a New York :   |b Wiley,   |c c1998 
300 |a x, 355 σ.;  |b σχ.;  |c 24 εκ. 
490 1 |a Wiley-Interscience series in discrete mathematics and optimization 
504 |a Περιλαμβάνει βιβλιογραφικές αναφορές και ευρετήριο 
650 0 0 |a Combinatorial optimization. 
830 0 |a Wiley series in discrete mathematics and optimization 
852 |a INST  |b CHIOS  |e 20050216  |h 519.76 COO  |p 005200022436  |q 005200022436  |t BK  |y 0 
901 |a BIBL2-2005-1 
909 |a Χ  |b 112499 
920 |a ΔΙΕΥΡΥΝΣΗ  |b ΕΠΕΑΕΚ-ΤΜΟΔ  |y ΧΙΟΣ  |z 2004-12 
970 |a ΧΑΖΙΡΗ  |b ΑΝΝΑ  |z 2005/02/16